Costos de los programas de atención integral para niños y niñas menores de seis años
| Tác giả của công ty: | |
|---|---|
| Định dạng: | Sách |
| Ngôn ngữ: | Tiếng Tây Ban Nha |
| Được phát hành: |
San José, Costa Rica :
UNICEF,
2001
|
| Những chủ đề: |
MARC
| LEADER | 00000nam a2200000Ia 4500 | ||
|---|---|---|---|
| 008 | 180423b2001 cr ||||| |||| 00| | spa d | ||
| 999 | |c 1799 |d 1799 | ||
| 090 | |a 06.03.06 |b 443 | ||
| 110 | 2 | |a UNICEF |9 569 | |
| 245 | 1 | 0 | |a Costos de los programas de atención integral para niños y niñas menores de seis años |
| 260 | |a San José, Costa Rica : |b UNICEF, |c 2001 | ||
| 300 | |a 44 páginas | ||
| 650 | 1 | 4 | |a EDUCACIÓN PREESCOLAR |9 455 |
| 650 | 1 | 4 | |a SERVICIOS DE CUIDADO DE NIÑOS |9 2043 |
| 650 | 1 | 4 | |a BIENESTAR DE LA INFANCIA |9 1009 |
| 942 | |i 00779 |h 06.03.06 443 |2 z |c 01 | ||
